[Event "FRA-ch op-C"]
[Site "Nimes"]
[Date "2018.08.22"]
[Round "5"]
[White "Alashtar, Asef"]
[Black "Silvera, Ruben"]
[Result "1-0"]
[WhiteElo "1724"]
[BlackElo "1688"]
[PlyCount "34"]
[EventDate "2018.08.18"]
[EventType "swiss"]
[EventRounds "9"]
[EventCountry "FRA"]
[SourceTitle "EXT 2020"]
[Source "ChessBase"]
[SourceDate "2019.10.17"]
[SourceVersion "1"]
[SourceVersionDate "2019.10.17"]
[SourceQuality "1"]

1. g3 e5 2. Bg2 d5 3. d3 Nf6 4. Nd2 Bd6 5. e4 c6 6. Ne2 Na6 7. 0-0 h5 8. exd5 cxd5 9. d4 h4 10. dxe5 Bxe5 11. Nf3 Bd6 12. Nxh4 Nc5 13. Bg5 Ne6 14. Bxf6 Qxf6 15. Qxd5 Nc7 16. Qe4+ Be6 17. Nd4 Qd8 1-0